[Event "Biel GM"]
[Site "Biel"]
[Date "2005.07.21"]
[Round "5"]
[White "Volokitin, Andrei"]
[Black "Gelfand, Boris"]
[Result "1/2-1/2"]
[WhiteElo "2671"]
[BlackElo "2724"]
[Annotator "Ftacnik,L"]
[PlyCount "51"]
[EventDate "2005.07.17"]
[EventType "tourn"]
[EventRounds "10"]
[EventCountry "SUI"]
[EventCategory "16"]
[SourceTitle "CBM 108"]
[Source "ChessBase"]
[SourceDate "2005.09.26"]
[SourceVersion "1"]
[SourceVersionDate "2005.09.26"]
[SourceQuality "1"]

1. e4 c5 2. Nf3 d6 3. d4 cxd4 4. Nxd4 Nf6 5. Nc3 a6 6. a4 g6 7. Be2 Bg7 8. O-O
Nc6 9. Be3 O-O 10. f4 Bg4 11. Nb3 Qc8 12. a5 {The whole set up is well known,
Volokitin hopes to get some advantage with the help of the control of the
critical square b6.} (12. Kh1 Bxe2 13. Qxe2 Qg4 14. Rf3 Rac8 15. Rd1 Qh5 16.
Bg1 Rfe8 17. Qf1 b5 18. axb5 axb5 19. Re1 b4 20. Nb5 d5 21. e5 Ne4 {0-1
Conquest,S-Rowson,J/Douglas 2005/ (57)}) 12... Bxe2 (12... Re8 13. Ra4 Bxe2 14.
Qxe2 Qg4 15. Qd3 Rac8 16. Nd5 Nxd5 17. exd5 Ne5 {0-1 Short,N-Anand,V/Dubai
2002/ (17)}) 13. Qxe2 Nd7 14. Na4 f5 15. exf5 Rxf5 16. c4 (16. Bd2 Qc7 17. Qe6+
Kh8 18. Bc3 Raf8 $11) 16... Qc7 17. Nc3 (17. Bb6 Nxb6 $1 18. Nxb6 Raf8 19. Nd5
Qc8 20. Rad1 e6 21. Nb6 Qe8 22. Rxd6 Be5 $11) 17... Bxc3 $5 {[%mdl 64] Gelfand
is a realistic player and he solves the tension in the position by eating the
a5 pawn.} 18. bxc3 Nxa5 19. Nxa5 Rxa5 20. Rxa5 Qxa5 21. Bd4 e5 (21... Qf5 $2
22. Qxe7 Qf7 23. Qxd6 $16) (21... Kf7 $2 22. f5 gxf5 23. Qh5+ Ke6 24. Qxh7 $16)
22. fxe5 dxe5 (22... Nxe5 $2 23. c5 Qb5 24. Qf2 $18) 23. Qg4 $1 {White is
forced to accept the line with complete equality and immediate draw.} exd4 (
23... Rd8 $2 24. Qe6+ Kh8 25. Qe7 exd4 26. Rf7 Qa1+ 27. Kf2 Qb2+ 28. Kg3 Qxc3+
29. Kh4 $18) 24. Qxd7 dxc3 25. Qe6+ (25. Rf7 Qb6+ 26. Kf1 Qb1+ 27. Kf2 Qb2+ 28.
Kg3 c2 $19) 25... Kh8 26. Qf6+ 1/2-1/2

[Event "Sarajevo Bosnia 29th"]
[Site "Sarajevo"]
[Date "1999.05.23"]
[Round "6"]
[White "Leko, Peter"]
[Black "Kasparov, Garry"]
[Result "1/2-1/2"]
[WhiteElo "2694"]
[BlackElo "2812"]
[Annotator "Ftacnik,L"]
[PlyCount "51"]
[EventDate "1999.05.17"]
[EventType "tourn"]
[EventRounds "9"]
[EventCountry "BIH"]
[EventCategory "19"]
[SourceTitle "CBM 071"]
[Source "ChessBase"]
[SourceDate "1999.08.01"]
[SourceVersion "1"]
[SourceVersionDate "1999.08.01"]
[SourceQuality "1"]

1. e4 c5 2. Nf3 d6 3. d4 cxd4 4. Nxd4 Nf6 5. Nc3 a6 6. f4 e5 7. Nf3 Nbd7 8. a4
Be7 9. Bc4 Qa5 10. Qe2 O-O 11. O-O exf4 (11... b5 $5 12. Bb3 b4 13. Nd5 Nxd5
14. Bxd5 Bb7 $1 $10) 12. Bxf4 Ne5 13. Nd5 (13. Nxe5 dxe5 14. Be3 Bg4 15. Qe1
Rac8 16. Bb3 Kh8 17. Kh1 Be6 18. Bg5 Bxb3 19. Bxf6 Bxf6 20. cxb3 Bg5 {1/2-1/2
Poutiainen,P-Portisch,L/Budapest/1975/ (42)}) (13. Bb3 Bg4 (13... Be6 14. Nd4 (
14. Bxe6 $5) 14... Qc5 (14... Qb6 15. a5 Qxd4+ 16. Be3 Nf3+ 17. gxf3 Qe5 18. f4
Qh5 19. Qxh5 Nxh5 20. Nd5 Bh4 {1/2-1/2 Vavra,J-Stodola,J/CSR-ch22 corr/1988/ 
(47)}) 15. Be3 Bxb3 16. Nxb3 (16. cxb3 $5 Neg4 17. Nf5 Nxe3 18. Nxe7+ Kh8 19.
b4 Qa7 $1 (19... Qe5 $10)) 16... Qc4 17. Rae1 (17. Qxc4 Nxc4 18. Bd4 Rac8 19.
Nd5 Nxd5 20. exd5 Bg5 21. Rae1 Rfe8 22. Kf2 {1-0 Prange,E-Braghetta,S/
CompuServe Casual email 1996/ (47)}) 17... Qxe2 18. Rxe2 Nc4 19. Bc1 Rfe8 20.
Rd1 Rac8 21. Nd4 Bd8 (21... g6 $10) 22. Nf5 Ba5 23. Nd5 {1-0 Lukin,A-Vera,R/
Leningrad/1989/ (56)}) (13... Nxf3+ 14. Qxf3 Be6 15. Kh1 Bxb3 16. cxb3 Rae8 17.
Rad1 Qb6 18. Nd5 {Ehlvest,J- Gelfand,B/Cap D' Agde/1996/}) 14. Kh1 Rad8 (14...
Rac8 15. Rad1 Kh8 16. Qe1 Nc4 17. Bc1 h6 18. h3 Qh5 19. Ne2 Bxf3 20. Rxf3 Qa5
21. Nc3 Rc5 22. Qe2 Ne5 {0-1 Rantanen,Y-Bouaziz,S/Luzern/1982/ (35)}) 15. Qe1
Qc7 16. Nd4 Nc6 17. Nxc6 Qxc6 18. Qg3 Be6 19. Bg5 Kh8 20. Qh4 Qc5 21. Rf3 Qe5
22. Raf1 Bxb3 23. cxb3 Ng8 24. Bxe7 Qxe7 25. Qxe7 Nxe7 26. Rxf7 Kg8 27. Rxf8+
Rxf8 28. Rf3 {1/2-1/2 Rantanen,Y-Helmers,K/Randers/1982/ (55)}) (13. Bxe5 dxe5
14. Kh1 Bg4 15. Nd5 Nxd5 16. Bxd5 Qc7 17. Qd3 Rab8 18. Qb3 Bf6 19. h3 Bd7 20.
Nh2 Kh8 21. Ng4 Bxg4 22. hxg4 b5 {1/2-1/2 Dvorak,J-Stodola,J/CSR-ch22 corr/
1988/ (48)}) 13... Nxd5 14. Bxd5 Be6 {Black's defense is not that difficult,
since his pieces have lot of space for counterplay.} (14... Qb6+ 15. Kh1 Nxf3
16. Qxf3 Be6 17. Bxe6 (17. c4 $142 $1 Bxd5 18. exd5 Bf6 19. Rab1 Rfe8 20. b3
Re7 21. Rbe1 $14) 17... fxe6 18. Qh3 Rf6 19. e5 dxe5 20. Bxe5 Rxf1+ 21. Rxf1
Rf8 22. Rxf8+ Bxf8 $11 {1/2-1/2 Leko,P-Sutovskij,E/Tilburg/1996/ (33)}) (14...
Nxf3+ 15. Qxf3 Be6 (15... Qb6+ $2) 16. Bb3 Qc5+ (16... Bf6 17. Bxe6 fxe6 18.
Qb3) 17. Kh1 $14) 15. Bxe6 Nxf3+ 16. Qxf3 fxe6 17. Qb3 Qc5+ 18. Kh1 Qc8 {
Leko,P-Gelfand,B/Wijk/1996/ 0,5 The position is objectively equal.} 19. Rad1 b5
$1 20. axb5 axb5 21. Qxb5 Rb8 {The last exact move, white has no chance to get
any advantage.} (21... Qxc2 $6 22. Qd7 Qxe4 23. Qxe7 Rxf4 24. Rxf4 Qxf4 25.
Qxe6+ Kh8 26. h3 $14) 22. Qd3 Rxb2 23. Bxd6 Bxd6 24. Qxd6 Rxf1+ 25. Rxf1 Rxc2
26. h3 1/2-1/2

[Event "Hastings 9899"]
[Site "Hastings"]
[Date "1999.01.03"]
[Round "5"]
[White "Saltaev, Mihail"]
[Black "Sadler, Matthew D"]
[Result "0-1"]
[WhiteElo "2525"]
[BlackElo "2660"]
[Annotator "Ftacnik,L"]
[PlyCount "84"]
[EventDate "1998.12.29"]
[EventType "tourn"]
[EventRounds "9"]
[EventCountry "ENG"]
[EventCategory "13"]
[SourceTitle "CBM 069"]
[Source "ChessBase"]
[SourceDate "1999.04.01"]
[SourceVersion "1"]
[SourceVersionDate "1999.04.01"]
[SourceQuality "1"]

1. e4 c5 2. Nf3 d6 3. d4 cxd4 4. Nxd4 Nf6 5. Nc3 a6 6. f4 e5 7. Nf3 Nbd7 8. Bd3
Be7 9. O-O O-O 10. Qe1 Re8 11. a3 $6 {Strange kind of profylaxy, this modest
move makes sense only after black has already played b7-b5.} (11. Kh1 b5 12.
Nh4 (12. a4 bxa4 13. Rxa4 Nc5 14. Ra1 exf4 15. Bxf4 Bb7 16. Nd4 Nfxe4 17. Nxe4
Bh4 18. Bg3 Bxg3 19. Qxg3 Bxe4 20. Bxe4 Nxe4 {1/2-1/2 Aung Aung-Sabitov,O/
Kuala Lumpur 1993/ (66)}) (12. fxe5 dxe5 13. Qg3 (13. a4 b4 14. Nd5 Nxd5 15.
exd5 Nc5 16. Bc4 Bd6 17. c3 a5 18. cxb4 axb4 19. Bd2 Rxa4 20. Rxa4 Nxa4 21. Ng5
f6 {1/2-1/2 Maryasin,B-Roeder,M/Antwerp 1998/ (56)}) 13... Nh5 14. Qf2 Bc5 15.
Qe1 Bb7 16. Bg5 Be7 17. Qh4 Nf4 18. Bxe7 Qxe7 19. Qxe7 Rxe7 20. Nxe5 Nxe5 21.
Rxf4 Nxd3 22. cxd3 Rd8 {1/2-1/2 Maryasin,B-Sutovskij,E/Israel 1997/ (89)})
12... b4 13. Nd1 Nc5 14. fxe5 dxe5 15. Nf2 Nxd3 16. cxd3 Bc5 17. Be3 Bd4 18.
Qd2 a5 19. Nf3 Bxe3 20. Qxe3 Bg4 21. Rac1 Bxf3 22. gxf3 Nh5 {0-1 Clemance,
P-Browne,W/Los Angeles 1987/ (30)}) 11... Nc5 12. Kh1 (12. Bc4 exf4 13. Bxf4
Qb6 $11) 12... exf4 13. Bxf4 Bg4 14. Qf2 (14. Bc4 b5 15. Ba2 Qc7 16. Ng5 Bh5
17. b4 Ncd7 $11) 14... Bh5 15. Rad1 Bg6 16. Rfe1 h6 17. Bg3 (17. Nd4 Rc8 $11)
17... Ng4 $1 18. Qg1 (18. Qd2 Bf6 19. h3 Ne5 $11) 18... Bf6 19. Nd4 (19. h3 Ne5
(19... Bxc3 $2 20. bxc3 Nf6 21. e5 Nfe4 22. Bh4 Qd7 23. Bxe4 Nxe4 24. Qd4 $16)
20. Nxe5 Bxe5 21. Bxe5 Rxe5 $11) 19... Qb6 20. Nb3 (20. h3 Qxb2 21. Nce2 Ne5
22. Rb1 Qxa3 23. Ra1 Qb4 24. Reb1 Ncxd3 25. Rxb4 Nxb4 $17) 20... Bxc3 $1 {
Courageous move, that destroys white's pawn structure for good. For the bishop
black gets good control of the center and the chance to collect some white
pawns.} 21. bxc3 Ne5 22. Bf1 f6 (22... Qc7 23. Nxc5 dxc5 24. Rd5 Rac8 25. Bc4
b5 26. Rxe5 Rxe5 27. Bd5 $15) 23. Bf2 Rac8 24. Rd5 (24. Nxc5 $2 dxc5 $17) (24.
Bd4 Bf7 25. Nxc5 dxc5 26. Bxe5 Rxe5 $17) 24... Bf7 25. Nxc5 dxc5 (25... Bxd5 $6
26. Nd3 Qa5 27. exd5 Rxc3 $15) 26. Rxc5 (26. Bxc5 $2 Qc6 $19) 26... Qb2 27.
Rxc8 (27. Bd3 b5 (27... Rxc5 28. Bxc5 Qxc3 29. Bb4 Qc6 $15) 28. Rxc8 Rxc8 29.
Bd4 Qxa3 $17) 27... Rxc8 28. Bd4 Qxc2 {[%mdl 16] The material is even, but
black pieces are more active and his pawn structure much healthier.} (28...
Qxa3 $17) 29. Qe3 (29. Bxe5 fxe5 30. Qa7 Qb3 $17) 29... Qb3 30. Ra1 b5 31. Be2
(31. a4 $5 bxa4 32. Bxa6 Ra8 33. Bxe5 fxe5 34. Qc5 Kh7 35. Bc8 Qc4 $17) 31...
Nc6 32. Bc5 (32. Bg4 Nxd4 33. Bxc8 (33. Qxd4 Qxc3 $19) 33... Nc2 34. Qc1 Nxa1
35. Qxa1 a5 $17) 32... Rd8 33. Qc1 Qa4 34. Bb4 (34. Bf3 Qc4 $17) 34... Qb3 (
34... Ne5 35. Rb1 Ba2 36. Rb2 Bc4 $17) 35. Bc5 (35. Rb1 Qe6 $17) 35... Bg6 36.
Bf3 Rd3 {White is still too passive, his position is quite critical.} 37. Qf4 (
37. Bb4 Nxb4 38. cxb4 Rxf3 39. gxf3 Qxf3+ 40. Kg1 Bxe4 41. Qf1 Qh1+ 42. Kf2
Qxh2+ 43. Ke3 Qe5 $19) 37... Rxc3 38. Qd6 Rxf3 $1 39. Qxc6 (39. gxf3 Qxf3+ 40.
Kg1 Bxe4 41. Qe6+ Kh7 42. Qa2 Ne5 $19) 39... Rc3 40. Re1 Qc4 41. Qa8+ Kh7 42.
Bb4 Re3 $1 (42... Re3 $1 43. Rd1 Bxe4 44. Qxa6 Bxg2+ $19) (42... Rc1 43. Qa7
Bxe4 44. Qe3 $17) 0-1

[Event "Copenhagen Open-04 (Politiken Cup-03)"]
[Site "Copenhagen"]
[Date "1982.06.??"]
[Round "10"]
[White "Sznapik, Aleksander"]
[Black "Jakobsen, Ole"]
[Result "1-0"]
[WhiteElo "2440"]
[BlackElo "2410"]
[Annotator "Ftacnik,L"]
[PlyCount "89"]
[EventDate "1982.06.??"]
[EventType "swiss"]
[EventRounds "10"]
[EventCountry "DEN"]
[SourceTitle "EXT 2000"]
[Source "ChessBase"]
[SourceDate "1999.11.16"]
[SourceVersion "1"]
[SourceVersionDate "1999.11.16"]
[SourceQuality "1"]

1. e4 c5 2. Nf3 d6 3. d4 cxd4 4. Nxd4 Nf6 5. Nc3 a6 6. f4 (6. Bg5) 6... e5 7.
Nf3 Qc7 8. a4 Nbd7 9. Bd3 b6 10. O-O Bb7 11. Kh1 $5 (11. Qe1) 11... g6 12. Qe1
Bg7 13. Qh4 h6 14. fxe5 (14. Bd2 g5 $5 15. fxg5 hxg5 16. Qxg5 O-O-O $1) 14...
dxe5 15. Bd2 Nh5 16. Rae1 Ndf6 $6 (16... O-O 17. Bxh6 Bxh6 18. g4 Ndf6 19. gxh5
Nxh5 20. Rg1 Bg7) 17. Nxe5 $5 Qxe5 18. Nd5 O-O-O (18... O-O 19. Bc3 Qg5 20.
Qxg5 hxg5 21. Nxf6+) 19. Nxb6+ $1 (19. Bc3 Rxd5 20. Bxe5 Rxe5) 19... Kb8 20.
Nc4 Qe6 21. Na5 g5 22. Qf2 Ng4 23. Qf3 Ba8 24. Bc4 Qb6 25. Bd5 $1 (25. Qxg4
Rxd2 26. Qxh5 Qxa5 27. Qxf7 Be5) 25... Nhf6 $1 26. Nc4 Qc7 27. Qb3+ Bb7 $2 (
27... Ka7 28. Be3+ Nxe3 29. Qxe3+ Kb8 30. Qb3+ Ka7) 28. Qxb7+ Qxb7 29. Bxb7
Kxb7 30. e5 Ne8 31. Rxf7+ Kc6 32. Bc3 $1 Kd5 $1 (32... Rf8 33. Na5+ Kd5 34.
Rxf8 Bxf8 35. Rd1+) 33. b3 Ke6 34. Ra7 Rf8 $6 (34... Rd1) 35. Rxa6+ Kf5 36. h3
Nf2+ 37. Kg1 Nd1 38. Bb4 $6 (38. Bd2) 38... Rg8 39. g4+ Kf4 40. Rf1+ Ke4 41.
Re1+ Kf4 42. Ra7 $1 Kg3 43. Rf7 h5 44. Re4 hxg4 45. hxg4 1-0

[Event "New York Hudson"]
[Site "New York"]
[Date "1993.??.??"]
[Round "1"]
[White "Sherzer, Alex"]
[Black "Wojtkiewicz, Aleksander"]
[Result "0-1"]
[WhiteElo "2465"]
[BlackElo "2580"]
[Annotator "Ftacnik,L"]
[PlyCount "100"]
[EventDate "1993.??.??"]
[EventType "tourn"]
[EventRounds "9"]
[EventCountry "USA"]
[EventCategory "13"]
[SourceTitle "CBM 035"]
[Source "ChessBase"]
[SourceDate "1993.08.01"]
[SourceVersion "1"]
[SourceVersionDate "1993.08.01"]
[SourceQuality "1"]

1. e4 c5 2. Nf3 d6 3. d4 cxd4 4. Nxd4 Nf6 5. Nc3 a6 6. f4 e5 7. Nf3 Nbd7 8. a4
Be7 9. Bd3 O-O 10. O-O exf4 (10... Nc5) 11. Kh1 Ne5 12. Bxf4 Qc7 13. Qd2 Be6
14. Nd4 Rfe8 15. Bxe5 (15. Nf5 $13) 15... dxe5 16. Nxe6 fxe6 17. Qe2 Rad8 18.
Nd1 Bc5 19. Ne3 Rf8 20. Ng4 Nd7 $5 (20... Kh8 21. Nxf6 Rxf6 22. Qg4 $36) 21.
Bc4 Qc6 22. Bb3 $2 (22. Rf5 Kh8 $1 23. Nxe5 Nxe5 24. Rxe5 Rf2 $1 25. Qe1 (25.
Qh5 Bd4 26. Rxe6 Qxc4 27. Re8+ Rxe8 28. Qxe8+ Qg8 $19) (25. Qg4 $2 Bd4 26. Qh4
Rdf8 27. Rh5 Qxc4 28. Rxh7+ Kg8 29. Rh8+ Kf7 $19) (25. Rxe6 $2 Qxe6 26. Qxf2
Qxc4 $19) 25... Bd4 (25... Bd6 26. Rxe6 (26. Qxf2 Bxe5 27. Rf1 $1 $16) 26...
Qxc4 27. Rxd6 Rdf8 28. Qxf2 $1 Rxf2 29. Rd8+ Qg8 30. Rxg8+ Kxg8 31. Rc1 $16)
26. Rd1 Rff8 $3 $17 (26... Rdf8 27. Rxd4 Qxc4 28. Qxf2 Qf1+ 29. Qg1 $1 $18)) (
22. h3 $13) 22... h5 $1 23. Nf2 Bxf2 24. Rxf2 g6 25. Rxf8+ $2 (25. Rd1 Rxf2 26.
Qxf2 Rf8 27. Qg3 Kh7 28. h3 {/\ Qc3!}) 25... Rxf8 26. Rf1 Nc5 27. a5 $2 (27.
Rxf8+ Kxf8 28. Qc4 $2) 27... Rxf1+ 28. Qxf1 Nxb3 29. cxb3 Qxe4 30. h3 Kg7 31.
Qc1 Qc6 32. Qg5 Qd6 33. Qe3 Qd1+ 34. Kh2 Qd4 35. Qc3 Qd6 36. Kg1 h4 37. Kf2 g5
38. Ke2 Qd5 39. Kf2 Kf6 40. b4 Kf5 41. Qc7 Qd4+ 42. Kf1 Qxb4 43. Qf7+ Ke4 44.
Qxe6 Qb5+ 45. Kg1 Ke3 46. g3 Qc5 47. Qf5 Qc1+ 48. Kg2 Qxb2+ 49. Kg1 Qc1+ 50.
Kg2 Qd2+ (50... Qd2+ 51. Kg1 Qe1+ 52. Kg2 Qxg3+ 53. Kh1 Qf3+ $19) 0-1

[Event "Moscow Aeroflot op-A1"]
[Site "Moscow"]
[Date "2008.02.21"]
[Round "8"]
[White "Hou, Yifan"]
[Black "Najer, Evgeniy"]
[Result "1/2-1/2"]
[WhiteElo "2527"]
[BlackElo "2634"]
[Annotator "Ftacnik,L"]
[PlyCount "79"]
[EventDate "2008.02.14"]
[EventType "swiss"]
[EventRounds "9"]
[EventCountry "RUS"]
[SourceTitle "CBM 123"]
[Source "ChessBase"]
[SourceDate "2008.04.02"]
[SourceVersion "1"]
[SourceVersionDate "2008.04.02"]
[SourceQuality "1"]

1. e4 c5 2. Nf3 d6 3. d4 cxd4 4. Nxd4 Nf6 5. Nc3 a6 6. f4 e5 7. Nf3 Nbd7 8. a4
Be7 9. Bd3 O-O 10. O-O Nc5 11. Kh1 d5 12. Nxe5 Ncxe4 13. Bxe4 dxe4 14. Qe2 Bf5
{[%mdl 4] Black is looking at the prospect of losing the e4-pawn and the next
few moves are important for generating counterplay.} (14... Bd6 15. Nxe4 Nxe4
16. Qxe4 Qe7 17. Re1 (17. Be3 f6 18. Rad1 Bc7 19. Qd5+ Be6 20. Bc5 Rfd8 21.
Bxe7 Rxd5 22. Rxd5 Bxd5 23. Nd3 Re8 {1-0 Solleveld,M (2458)-Hovmoller,K (2302)/
Copenhagen 2003 (78)}) 17... Re8 18. Qe3 Bf5 19. Qf2 Qc7 20. c3 f6 21. Nf3 Bxf4
22. Nd4 Bxc1 23. Raxc1 Be4 $15 {0-1 Solleveld,M (2426)-Dvoirys,S (2562)/Dieren
2000 (52)}) 15. g4 (15. Be3 h5 16. h3 Qc8 17. Bf2 Qe6 18. Bh4 Rac8 19. g4 hxg4
20. hxg4 Bh7 21. Bg3 Bd6 22. Rad1 Bxe5 23. fxe5 Qxg4 24. exf6 Qxg3 25. Rf2 Rxc3
26. bxc3 e3 $19 {0-1 Polgar,S (2415)-Loginov,V (2505)/Budapest 1993 (37)})
15... Bc8 (15... Be6 16. f5 Bd5 17. Rd1 Bd6 18. Nxd5 Bxe5 19. Bg5 Qe8 20. Bxf6
gxf6 21. Ra3 Rd8 22. Rh3 Rxd5 23. Rxd5 Qc6 24. c4 $18 {1-0 Hou,Y (2488)-Choisy,
M (2145)/Paris 2006 (30)}) 16. Rd1 Qe8 17. g5 Nd7 18. Nc4 f6 {The first
independent move, since the advance of the pawn to e3 may not be sufficient
for keeping parity.} (18... e3 19. Bxe3 (19. Nd5 $5 $16) 19... b5 20. axb5 Bb7+
21. Kg1 axb5 22. Na5 (22. Rxa8 Bxa8 23. Nxb5 Qc8 24. Nbd6 Qc6 25. Kf2 f6 26. g6
$16) 22... b4 23. Nd5 (23. Nxb7 Rxa1 24. Rxa1 bxc3 25. bxc3 Nc5 26. Nxc5 Bxc5
27. Re1 $14) 23... Bxd5 24. Rxd5 Bc5 25. Kf2 Qe4 26. Bxc5 (26. Rxc5 Nxc5 27.
Bxc5 Qxf4+ 28. Qf3 Qxh2+ 29. Qg2 Qxg2+ 30. Kxg2 Rfc8 31. Bxb4 Rxc2+ 32. Kf3
Rxb2 $15) 26... Qxd5 27. Bxf8 Nxf8 28. Nb3 Rxa1 29. Nxa1 Qd4+ 30. Qe3 Qxb2 $17
{0-1 Kengis,E (2475)-Loginov,V (2355)/Pavlodar 1987 (40)}) 19. Nd5 (19. Nxe4
fxg5 20. Nxg5 Nc5 $13) 19... fxg5 (19... Bd8 20. Nd6 Qe6 21. Ne3 g6 22. f5 gxf5
23. gxf6 Bxf6 24. Nexf5 $16) 20. fxg5 $1 (20. Nc7 $6 Qf7 21. Nxa8 gxf4 22. Nab6
(22. Nc7 e3 23. Nd5 Nf6 24. Ne5 Qe6 25. Nxe7+ Qxe7 26. Nf3 Ne4 27. Rd4 Bg4 $17)
22... Nxb6 23. Nxb6 Bf5 24. Bxf4 e3 25. Qxe3 Bc5 26. Qxc5 Be4+ 27. Kg1 Qxf4 28.
Rd3 Bxd3 29. cxd3 Qg4+ 30. Kh1 Qf3+ $11) 20... b5 $2 {The ultimate proof that
Najer was creating counterplay over the board. Home preparation would surely
have revealed the better move 20...Bc5! with fair chances.} (20... Bc5 $1 21.
Be3 Ne5 22. Nxe5 (22. Bxc5 Bg4 23. Qe1 Nxc4) 22... Bxe3 23. Nc4 Ba7 $13) 21.
axb5 (21. Nc7 Qf7 22. Nxa8 bxc4 23. Be3 Ne5 24. Rf1 Bf5 $13) 21... e3 (21...
Bb7 22. bxa6 e3 23. Bxe3 Rxa6 24. Rxa6 Bxa6 25. Qg4 $16) 22. Bxe3 (22. Qg2 Bb7
23. bxa6 (23. Nxe7+ $2 Qxe7 24. Qxb7 e2 25. Qd5+ Kh8 $17) 23... Rxa6 (23... e2
24. Qxe2 Bc5 25. Qxe8 Rfxe8 26. Be3 $16) 24. Rxa6 Bxa6 25. Ncxe3 Bd8 26. b3 $16
) 22... Bxg5 23. Nd6 Qe5 24. Qc4 {The Chinese women grandmaster is clearly in
the driving seat in this position, but her king on h1 is very vulnerable.} (24.
Nxc8 $1 Raxc8 25. bxa6 Nf6 (25... Rce8 26. Qc4 $18) 26. Nxf6+ gxf6 27. Re1 Qxb2
28. Bxg5 fxg5 29. Qe6+ Kh8 30. Qe5+ Qxe5 31. Rxe5 $18) 24... Kh8 25. Bxg5 (25.
Qc6 Bxe3 26. Nxe3 Rb8 27. Ra3 Qxb2 28. Qc3 Qxc3 29. Rxc3 $16) 25... axb5 26.
Qe4 (26. Bf4 $1 Rxa1 (26... bxc4 27. Bxe5 Rxa1 28. Rxa1 Nxe5 29. Ra8 $18) 27.
Rxa1 Qxb2 28. Qc3 Qxc3 29. Nxc3 Rxf4 30. Nxc8 $18) 26... Rxa1 27. Rxa1 Qxg5 (
27... Qxd6 28. Be7 Re8 29. Bxd6 Rxe4 30. Ra8 Re1+ 31. Kg2 Re8 32. Kg1 Nf6 33.
Nc7 Rg8 34. Nxb5 $16) 28. Rg1 $2 {The myriad of variations was not easy to
decipher and Hou is missing her last golden opportunity to keep a huge
advantage.} (28. Nb6 $1 Nf6 29. Qe7 Bb7+ 30. Nxb7 (30. Qxb7 Qf4 31. Rg1 g6 $11)
30... Re8 31. Qa3 Qg4 32. Qg3 Qe4+ 33. Qg2 Qe6 34. Na8 $16) 28... Qe5 29. Qxe5
Nxe5 30. Nxc8 (30. Re1 Nf3 31. Re7 Kg8 $11) 30... Rxc8 31. Re1 Nc6 {The
tempest is over and the peaceful position is drifting towards a draw.} 32. c3
Kg8 33. Ne7+ Nxe7 34. Rxe7 b4 35. cxb4 Rc2 36. b3 Rc3 37. Kg2 Rxb3 38. Rb7 h6
39. b5 Kh7 40. Rb6 1/2-1/2